000
00305nam a22001337a 4500
008
170830b xxu||||| |||| 00| 0 eng d
020
_a
9781555707262
041
_a
eng
080
_a
070
100
_a
40
101
_a
MED
245
_a
ARCHEVES PRINCIPLES AND PRACTICE
_c
MILLAR.L.A
942
_2
udc
_c
BK
999
_c
25593
_d
25593